000 00456nam a2200181Ia 4500
003 OSt
005 20230113162055.0
008 210210b1875 xxu||||| |||| 00| 0 eng d
040 _cAL
041 _aeng
082 _a823/389
100 _aSHAKESPEARE (William)
_969155
245 _aDramatic Works of William Shakespeare Vol VI
260 _aLondon
_bW & R Chambers Ltd
_c1875
650 _aEnglish Drama
_969156
906 _a013933
942 _2ddc
_cBK
999 _c133003
_d133003